| 000 | 00340nam a22001457a 4500 | ||
|---|---|---|---|
| 020 | _a81-8482-155-7 | ||
| 082 |
_a823 _bPAI/T |
||
| 100 | _aPAI, ANANT | ||
| 245 | _aTALES FROM THE JATAKAS | ||
| 260 |
_aMUMBAI _bAMAR CHITHA KATHA |
||
| 300 | _a32 | ||
| 520 | _aENGLISH SHORT STORIES | ||
| 650 |
_aENGLISH SHORT STORIES _zMUMBAI |
||
| 942 | _cBK | ||
| 999 |
_c5257 _d5257 |
||